Państwa Graniczące z Mjanmą - Statystyki

Ogólne statystyki
  • Ten quiz został rozwiązany 19 664 razy
  • Średni wynik to 5 z 5
Odpowiedzi na mapie
Odpowiedzi zakodowano w zielono-czerwonej skali na mapie do tego quizu, zgodnie z poniższymi procentami.
 
Statystyki odpowiedzi
Państwo % Poprawnych
Chiny
95%
Laos
94%
Tajlandia
94%
Indie
93%
Bangladesz
87%
Nie znaleziono quizów pasujących do podanych kryteriów
Rozkład punktacji
Procent ludzi z każdym wynikiem
Percentyl według liczby udzielonych odpowiedzi
Twoja historia wyników
Nie rozwiązałeś tego quizu